| 000 | 00381nam a22001337a 4500 | ||
|---|---|---|---|
| 999 |
_c17630 _d17630 |
||
| 008 | 190510b xxu||||| |||| 00| 0 eng d | ||
| 020 | _a0195989861 | ||
| 100 | _aDonald, David | ||
| 245 |
_aEducational Psychology in Social Context _bEcosystemic Applications in South Africa _cDavid Donald |
||
| 250 | _a4th ed. | ||
| 260 |
_aSA _bOUP _c2010 |
||
| 300 | _ax, 374p. | ||
| 942 |
_2lcc _cBK |
||